Strategic management in the knowledge economy : new approaches and business applications / (Record no. 771)

000 -LEADER
fixed length control field 01125cam a22003014a 4500
001 - CONTROL NUMBER
control field 14219826
003 - CONTROL NUMBER IDENTIFIER
control field OSt
005 - DATE AND TIME OF LATEST TRANSACTION
control field 20140116120837.0
008 - FIXED-LENGTH DATA ELEMENTS--GENERAL INFORMATION
fixed length control field 060105s2005 enka b 000 0 eng
020 ## - INTERNATIONAL STANDARD BOOK NUMBER
International Standard Book Number 9783895782572
040 ## - CATALOGING SOURCE
Transcribing agency DLC
Modifying agency DLC
042 ## - AUTHENTICATION CODE
Authentication code pcc
050 00 - LIBRARY OF CONGRESS CALL NUMBER
Classification number HD30.28.L45 2005
100 1# - MAIN ENTRY--PERSONAL NAME
Personal name Leibold, Marius.
245 10 - TITLE STATEMENT
Title Strategic management in the knowledge economy : new approaches and business applications /
Statement of responsibility, etc Marius Leibold, Gilbert J.B. Probst and Michael Gibbert.
250 ## - EDITION STATEMENT
Edition statement 2nd ed.
260 ## - PUBLICATION, DISTRIBUTION, ETC. (IMPRINT)
Place of publication, distribution, etc Erlangen :
Name of publisher, distributor, etc Publicis ;
Place of publication, distribution, etc New York :
Name of publisher, distributor, etc Wiley,
Date of publication, distribution, etc 2005.
300 ## - PHYSICAL DESCRIPTION
Extent 355 p. :
Other physical details ill.
504 ## - BIBLIOGRAPHY, ETC. NOTE
Bibliography, etc Includes bibliographical references.
650 #0 - SUBJECT ADDED ENTRY--TOPICAL TERM
Topical term or geographic name as entry element Strategic planning.
650 #0 - SUBJECT ADDED ENTRY--TOPICAL TERM
Topical term or geographic name as entry element Knowledge management.
700 1# - ADDED ENTRY--PERSONAL NAME
Personal name Probst, Gilbert.
700 1# - ADDED ENTRY--PERSONAL NAME
Personal name Gibbert, Michael.
856 41 - ELECTRONIC LOCATION AND ACCESS
Materials specified Table of contents
Uniform Resource Identifier <a href="http://www.loc.gov/catdir/toc/fy0604/2006271055.html">http://www.loc.gov/catdir/toc/fy0604/2006271055.html</a>
856 42 - ELECTRONIC LOCATION AND ACCESS
Materials specified Contributor biographical information
Uniform Resource Identifier <a href="http://www.loc.gov/catdir/enhancements/fy0659/2006271055-b.html">http://www.loc.gov/catdir/enhancements/fy0659/2006271055-b.html</a>
856 42 - ELECTRONIC LOCATION AND ACCESS
Materials specified Publisher description
Uniform Resource Identifier <a href="http://www.loc.gov/catdir/enhancements/fy0659/2006271055-d.html">http://www.loc.gov/catdir/enhancements/fy0659/2006271055-d.html</a>
942 ## - ADDED ENTRY ELEMENTS (KOHA)
Source of classification or shelving scheme
Koha item type Book
Holdings
Withdrawn status Lost status Source of classification or shelving scheme Damaged status Not for loan Home library Current library Date acquired Source of acquisition Total Checkouts Full call number Barcode Date last seen Date checked out Copy number Price effective from Koha item type Total Renewals
          Riara University Library Riara University Library 29/10/2011 Purchase 3 HD30.28.L45 2005 2277/11 06/03/2014 18/02/2014 C.1 29/10/2011 Book  
          Riara University Library Riara University Library 29/10/2011 Purchase 3 HD30.28.L45 2005 2278/11 06/06/2014 13/05/2014 C.2 29/10/2011 Book  
          Riara University Library Riara University Library 15/11/2011 Purchase 6 HD30.28.L45 2005 2279/11 16/11/2023 31/05/2019 C.3 15/11/2011 Book 2

Riara University Library,
P.O. Box 49940-00100,
Nairobi, Kenya.